Keyboard Quiz: Shakespeare's Plays Stats

 Plays Quiz Updated Oct 9, 2018

Score 0/20 Timer 15:00
0 Plays Today
% Correct
Hamlet
95.3%
Macbeth
92.4%
Othello
90%
Henry V
78.9%
King Lear
77.8%
Julius Caesar
77.5%
King John
73.8%
Romeo and Juliet
61.5%
The Tempest
56.1%
Twelfth Night
53.6%
% Correct
As You Like It
44.8%
Cymbeline
43%
A Midsummer Night's Dream
39.2%
Coriolanus
37.5%
Antony and Cleopatra
33.8%
Love's Labour's Lost
27.7%
The Two Gentlemen of Verona
26.2%
Titus Andronicus
20.9%
Measure for Measure
20.9%
All's Well That Ends Well
17.6%

You're not logged in!

Compare scores with friends on all Sporcle quizzes.
OR
Log In

Sporcle TV

Today on Sporcle TV


Watch our educational content, quiz creation guides, and fun videos on Sporcle TV.

Show Comments

Extras

Top Quizzes Today


Score Distribution

Your Account Isn't Verified!

In order to create a playlist on Sporcle, you need to verify the email address you used during registration. Go to your Sporcle Settings to finish the process.

Report this User

Report this user for behavior that violates our Community Guidelines.

Details: